[Event "COL-ch Students"]
[Site "Santa Fe"]
[Date "2023.09.25"]
[Round "6"]
[White "Rojas Castillo, Leibnitz Edison"]
[Black "Chipantiza Manyoma, Gustavo Adolfo"]
[Result "1-0"]
[WhiteElo "1918"]
[BlackElo "1651"]
[PlyCount "46"]
[EventDate "2023.09.23"]
[EventType "swiss"]
[EventRounds "6"]
[EventCountry "COL"]
[SourceTitle "EXT 2024"]
[Source "ChessBase"]
[SourceDate "2023.10.10"]
[SourceVersion "1"]
[SourceVersionDate "2023.10.10"]
[SourceQuality "1"]

1. e4 e6 2. d4 d5 3. Nc3 Nf6 4. e5 Nfd7 5. f4 c5 6. Nf3 Nc6 7. Be3 Be7 8. Qd2 0-0 9. Ne2 b6 10. c3 Ba6 11. g3 Kh8 12. 0-0-0 Qc7 13. h4 b5 14. Ng5 h6 15. Qc2 g6 16. h5 Bxg5 17. hxg6 Kg7 18. fxg5 fxg6 19. Rxh6 Ndxe5 20. dxe5 Nxe5 21. Bf4 Nd3+ 22. Qxd3 Rf5 23. Bxc7 Kg8 1-0

[Event "COL-ch Students"]
[Site "Santa Fe"]
[Date "2023.09.23"]
[Round "2"]
[White "Rojas Castillo, Leibnitz Edison"]
[Black "Salcedo Perez, Pablo Esteban"]
[Result "0-1"]
[WhiteElo "1918"]
[BlackElo "2097"]
[PlyCount "54"]
[EventDate "2023.09.23"]
[EventType "swiss"]
[EventRounds "6"]
[EventCountry "COL"]
[SourceTitle "EXT 2024"]
[Source "ChessBase"]
[SourceDate "2023.10.10"]
[SourceVersion "1"]
[SourceVersionDate "2023.10.10"]
[SourceQuality "1"]

1. e4 c5 2. Nf3 d6 3. d4 Nf6 4. Nc3 cxd4 5. Nxd4 a6 6. Be3 e6 7. f4 Qc7 8. Qf3 b5 9. Bd3 Bb7 10. g4 Nc6 11. 0-0-0 Be7 12. g5 Nd7 13. Kb1 Nc5 14. Rhe1 b4 15. Nce2 0-0 16. Qh5 Nxd4 17. Bxd4 Bxe4 18. Bxg7 Kxg7 19. Qh6+ Kh8 20. Ng3 Nxd3 21. Nh5 Rg8 22. Rxe4 Rg6 23. cxd3 Rxh6 24. gxh6 Rc8 25. Rc4 Qb7 26. Rdc1 Rxc4 27. Rxc4 Bf8 0-1

[Event "COL-ch"]
[Site "Boyaca"]
[Date "2022.08.21"]
[Round "8"]
[White "Rojas Castillo, Leibnitz Edison"]
[Black "Mateus Urbano, Luis Alejandro"]
[Result "0-1"]
[WhiteElo "1980"]
[BlackElo "2326"]
[PlyCount "52"]
[EventDate "2022.08.17"]
[EventType "swiss"]
[EventRounds "9"]
[EventCountry "COL"]
[SourceTitle "CBM 210 Extra"]
[Source "ChessBase"]
[SourceDate "2022.11.30"]
[SourceVersion "1"]
[SourceVersionDate "2022.11.30"]
[SourceQuality "1"]

1. e4 c5 2. Nf3 d6 3. d4 cxd4 4. Nxd4 Nf6 5. Nc3 a6 6. f3 e5 7. Nb3 Be7 8. Be3 Be6 9. Qd2 0-0 10. 0-0-0 Nbd7 11. g4 b5 12. g5 Nh5 13. Kb1 Nb6 14. Na5 Rc8 15. Rg1 b4 16. Nd5 Nxd5 17. exd5 Bd7 18. Qxb4 Qc7 19. Qd2 Bd8 20. Nc6 Bxc6 21. dxc6 Qxc6 22. Bh3 Rb8 23. Bg4 Nf4 24. Bxf4 exf4 25. Ka1 Bxg5 26. Bf5 Qb5 0-1

[Event "COL-ch"]
[Site "Boyaca"]
[Date "2022.08.21"]
[Round "9"]
[White "Uribe Fajardo, Juan Felipe"]
[Black "Rojas Castillo, Leibnitz Edison"]
[Result "1/2-1/2"]
[WhiteElo "1872"]
[BlackElo "1980"]
[PlyCount "39"]
[EventDate "2022.08.17"]
[EventType "swiss"]
[EventRounds "9"]
[EventCountry "COL"]
[SourceTitle "CBM 210 Extra"]
[Source "ChessBase"]
[SourceDate "2022.11.30"]
[SourceVersion "1"]
[SourceVersionDate "2022.11.30"]
[SourceQuality "1"]

1. e4 d5 2. exd5 Nf6 3. d4 Nxd5 4. Nf3 g6 5. Bd3 Bg7 6. c3 0-0 7. 0-0 Nc6 8. Re1 Qd6 9. Nbd2 e5 10. Nc4 Qd8 11. Ncxe5 Nxe5 12. Nxe5 Re8 13. Bd2 c5 14. Qf3 Be6 15. a3 cxd4 16. cxd4 Qb6 17. Bc3 Rac8 18. Be4 Qb3 19. Bxd5 Bxd5 20. Qf4 1/2-1/2

[Event "COL-ch"]
[Site "Boyaca"]
[Date "2022.08.20"]
[Round "7"]
[White "Rueda Rojas, Richard Alejandro"]
[Black "Rojas Castillo, Leibnitz Edison"]
[Result "1/2-1/2"]
[WhiteElo "1616"]
[BlackElo "1980"]
[PlyCount "109"]
[EventDate "2022.08.17"]
[EventType "swiss"]
[EventRounds "9"]
[EventCountry "COL"]
[SourceTitle "CBM 210 Extra"]
[Source "ChessBase"]
[SourceDate "2022.11.30"]
[SourceVersion "1"]
[SourceVersionDate "2022.11.30"]
[SourceQuality "1"]

1. e4 d5 2. exd5 Nf6 3. d4 Nxd5 4. Nf3 g6 5. c4 Nb6 6. Nc3 Bg7 7. Be2 Bg4 8. Be3 Nc6 9. d5 Bxf3 10. Bxf3 Ne5 11. Be2 c6 12. dxc6 Nxc6 13. 0-0 0-0 14. Qxd8 Rfxd8 15. c5 Nd7 16. Rfd1 e5 17. Nb5 Nf8 18. Nd6 Rd7 19. Rac1 Ne6 20. Bf3 Rb8 21. Kf1 Ncd4 22. Be4 Kf8 23. Bxd4 Nxd4 24. b3 Rc7 25. b4 Ke7 26. Bd5 f5 27. Bc4 b6 28. Bd5 bxc5 29. bxc5 Rb2 30. Rb1 Rc2 31. Nb7 Ne2 32. Bb3 Rc3 33. c6 Nd4 34. Rxd4 exd4 35. Re1+ Kf8 36. Nd8 R3xc6 37. Nxc6 Rxc6 38. Ke2 Rc3 39. Rd1 Ke7 40. Rd3 Rc7 41. Bg8 h6 42. Kd1 Rc8 43. Bb3 g5 44. Rd2 Kd6 45. Re2 Be5 46. h3 d3 47. Re3 Rc3 48. Kd2 Bd4 49. Rxd3 Rxd3+ 50. Kxd3 Bxf2 51. Ke2 Bc5 52. Kf3 Ke5 53. Bf7 Bd6 54. Be8 Kd4 55. Bf7 1/2-1/2

[Event "COL-ch"]
[Site "Boyaca"]
[Date "2022.08.19"]
[Round "6"]
[White "Rojas Castillo, Leibnitz Edison"]
[Black "Obando Avila, Jhanier Rodrigo"]
[Result "1-0"]
[WhiteElo "1980"]
[BlackElo "1833"]
[PlyCount "69"]
[EventDate "2022.08.17"]
[EventType "swiss"]
[EventRounds "9"]
[EventCountry "COL"]
[SourceTitle "CBM 210 Extra"]
[Source "ChessBase"]
[SourceDate "2022.11.30"]
[SourceVersion "1"]
[SourceVersionDate "2022.11.30"]
[SourceQuality "1"]

1. e4 Nf6 2. e5 Nd5 3. d4 d6 4. c4 Nb6 5. exd6 exd6 6. Nc3 Bf5 7. Be3 Nc6 8. Nf3 Be7 9. Be2 0-0 10. 0-0 d5 11. b3 Bb4 12. Nxd5 Nxd5 13. cxd5 Qxd5 14. Bc4 Qe4 15. d5 Na5 16. Nd4 Bg6 17. a3 Bc3 18. Ra2 Rae8 19. Nb5 Nxc4 20. Bc5 Nd6 21. Nxc3 Qh4 22. Rd2 Re5 23. Rd4 Qf6 24. f4 Re3 25. Bxd6 Qxd6 26. Qd2 Rfe8 27. f5 Bh5 28. g4 Bxg4 29. Rxg4 Qb6 30. Kh1 Qxb3 31. Nd1 Re2 32. Qd4 R8e5 33. d6 cxd6 34. Qxd6 Qh3 35. Rxg7+ 1-0

[Event "COL-ch U18"]
[Site "Medellin"]
[Date "2022.06.04"]
[Round "7"]
[White "Jimenez Alvarado, Jimmy Joseph"]
[Black "Rojas Castillo, Leibnitz Edison"]
[Result "1-0"]
[WhiteElo "1961"]
[BlackElo "1937"]
[PlyCount "47"]
[EventDate "2022.06.01"]
[EventType "swiss"]
[EventRounds "9"]
[EventCountry "COL"]
[SourceTitle "CBM 208 Extra"]
[Source "ChessBase"]
[SourceDate "2022.07.31"]
[SourceVersion "1"]
[SourceVersionDate "2022.07.31"]
[SourceQuality "1"]

1. d4 g6 2. Bf4 Bg7 3. Nf3 d6 4. Nc3 Nf6 5. Qd2 h5 6. e4 a6 7. 0-0-0 b5 8. Bd3 Bb7 9. e5 b4 10. exf6 bxc3 11. Qxc3 Bxf6 12. Qb3 Bc8 13. Ne5 Be6 14. Bc4 Bxc4 15. Qxc4 d5 16. Qd3 g5 17. Bd2 c5 18. Rhe1 c4 19. Qf3 Kf8 20. Bb4 Kg7 21. Nxf7 Qb6 22. Bxe7 Nd7 23. Nxh8 Rb8 24. Ba3 1-0

[Event "COL-chT"]
[Site "Medellin"]
[Date "2021.12.09"]
[Round "1.4"]
[White "Padilla, Daniel Eduardo"]
[Black "Rojas Castillo, Leibnitz Edison"]
[Result "0-1"]
[WhiteElo "1700"]
[BlackElo "1924"]
[PlyCount "62"]
[EventDate "2021.12.09"]
[EventType "team-swiss"]
[EventRounds "6"]
[EventCountry "COL"]
[SourceTitle "CBM 205 Extra"]
[Source "ChessBase"]
[SourceDate "2022.01.31"]
[SourceVersion "1"]
[SourceVersionDate "2022.01.31"]
[SourceQuality "1"]
[WhiteTeam "Atlantico Quintal"]
[BlackTeam "Boyaca"]
[WhiteTeamCountry "COL"]
[BlackTeamCountry "COL"]

1. d4 Nf6 2. c4 e6 3. Nf3 Bb4+ 4. Bd2 Qe7 5. e3 0-0 6. Bd3 Bxd2+ 7. Nbxd2 d6 8. Qc2 e5 9. 0-0 Bg4 10. Ng5 h6 11. Nh7 Nxh7 12. Bxh7+ Kh8 13. Be4 c6 14. f4 f5 15. Bf3 exf4 16. Bxg4 Qxe3+ 17. Kh1 fxg4 18. Nb3 f3 19. Rae1 Qf4 20. gxf3 gxf3 21. Qf2 Nd7 22. Re3 Rf6 23. Rxf3 Qe4 24. Nd2 Qc2 25. Qe3 Raf8 26. Rxf6 Nxf6 27. Ne4 Re8 28. Rxf6 Rxe4 29. Qg1 Re2 30. Rf3 Qe4 31. Qg3 Qb1+ 0-1

[Event "COL Subzt 2.3.4"]
[Site "Risarald"]
[Date "2021.11.25"]
[Round "4"]
[White "Rojas Castillo, Leibnitz Edison"]
[Black "Acosta, Jaime"]
[Result "1-0"]
[WhiteElo "1779"]
[BlackElo "1429"]
[PlyCount "53"]
[EventDate "2021.11.23"]
[EventType "swiss"]
[EventRounds "9"]
[EventCountry "COL"]
[SourceTitle "CBM 205 Extra"]
[Source "ChessBase"]
[SourceDate "2022.01.31"]
[SourceVersion "1"]
[SourceVersionDate "2022.01.31"]
[SourceQuality "1"]

1. e4 e5 2. Nf3 Nc6 3. Bb5 Nd4 4. Nxd4 exd4 5. Bc4 d6 6. 0-0 Be7 7. d3 Nf6 8. Bb3 0-0 9. f4 Be6 10. Nd2 a5 11. f5 Bxb3 12. axb3 b5 13. Rf3 Ng4 14. Rh3 Ne3 15. Qh5 h6 16. Nf1 Bg5 17. Nxe3 dxe3 18. Bxe3 Bxe3+ 19. Rxe3 Qf6 20. c3 b4 21. d4 c5 22. e5 dxe5 23. dxe5 Qc6 24. f6 c4 25. Rg3 Qc5+ 26. Kh1 Rae8 27. Rxg7+ 1-0

[Event "COL-ch Rapid"]
[Site "Villavicencio"]
[Date "2021.11.13"]
[Round "1"]
[White "Rojas Castillo, Leibnitz Edison"]
[Black "Arenas Vanegas, David"]
[Result "0-1"]
[WhiteElo "1818"]
[BlackElo "2487"]
[PlyCount "40"]
[EventDate "2021.11.13"]
[EventType "swiss (rapid)"]
[EventRounds "9"]
[EventCountry "COL"]
[SourceTitle "CBM 205 Extra"]
[Source "ChessBase"]
[SourceDate "2022.01.31"]
[SourceVersion "1"]
[SourceVersionDate "2022.01.31"]
[SourceQuality "1"]

1. e4 c5 2. Nf3 d6 3. d4 Nf6 4. Nc3 cxd4 5. Nxd4 g6 6. Be3 a6 7. f3 b5 8. Qd2 Bb7 9. Nb3 Nbd7 10. 0-0-0 Bg7 11. Kb1 h5 12. h3 Rc8 13. Be2 Qc7 14. Rc1 Ne5 15. Nd5 Nxd5 16. exd5 Nc4 17. Bxc4 bxc4 18. Na5 c3 19. bxc3 Qxa5 20. Bd4 Bxd5 0-1

[Event "Soacha op-B"]
[Site "Soacha"]
[Date "2021.09.11"]
[Round "7"]
[White "Arenas Pinilla, Edwin"]
[Black "Rojas Castillo, Leibnitz Edison"]
[Result "1/2-1/2"]
[WhiteElo "1379"]
[BlackElo "1852"]
[PlyCount "41"]
[EventDate "2021.09.08"]
[EventType "swiss"]
[EventRounds "9"]
[EventCountry "COL"]
[SourceTitle "CBM 204 Extra"]
[Source "ChessBase"]
[SourceDate "2021.11.30"]
[SourceVersion "1"]
[SourceVersionDate "2021.11.30"]
[SourceQuality "1"]

1. d4 Nf6 2. Bf4 e6 3. e3 d5 4. Nf3 Bd6 5. Bg3 0-0 6. Bd3 b6 7. Qe2 c5 8. c3 a5 9. a4 Ba6 10. Bxa6 Nxa6 11. Bxd6 Qxd6 12. Nbd2 Nb8 13. e4 dxe4 14. Nxe4 Nxe4 15. Qxe4 Nd7 16. 0-0 Nf6 17. Qe5 Qd5 18. dxc5 bxc5 19. c4 Qc6 20. Rfd1 Rfc8 21. Rd6 1/2-1/2

[Event "Soacha op-B"]
[Site "Soacha"]
[Date "2021.09.09"]
[Round "3"]
[White "Ramos Ortiz, Carlos Alberto"]
[Black "Rojas Castillo, Leibnitz Edison"]
[Result "0-1"]
[WhiteElo "1580"]
[BlackElo "1852"]
[PlyCount "43"]
[EventDate "2021.09.08"]
[EventType "swiss"]
[EventRounds "9"]
[EventCountry "COL"]
[SourceTitle "CBM 204 Extra"]
[Source "ChessBase"]
[SourceDate "2021.11.30"]
[SourceVersion "1"]
[SourceVersionDate "2021.11.30"]
[SourceQuality "1"]

1. c4 e5 2. Nc3 Nf6 3. Nf3 Nc6 4. g3 d5 5. cxd5 Nxd5 6. Bg2 Bc5 7. 0-0 0-0 8. Nxd5 Qxd5 9. Ng5 Qd8 10. d3 Bb6 11. a3 a5 12. Ne4 h6 13. e3 Be6 14. b3 f5 15. Nc3 Qd7 16. Qc2 Rad8 17. Rd1 Qf7 18. Rb1 g5 19. Na4 f4 20. Nxb6 cxb6 21. b4 Ba2 22. Qxa2 0-1

[Event "COL-ch Cat B/C U2200"]
[Site "Medellin"]
[Date "2021.06.13"]
[Round "5"]
[White "Perez Arroyave, Damian"]
[Black "Rojas Castillo, Leibnitz Edison"]
[Result "0-1"]
[WhiteElo "1837"]
[BlackElo "1815"]
[PlyCount "94"]
[EventDate "2021.06.10"]
[EventType "swiss"]
[EventRounds "7"]
[EventCountry "COL"]
[SourceTitle "EXT 2022"]
[Source "ChessBase"]
[SourceDate "2021.10.06"]
[SourceVersion "1"]
[SourceVersionDate "2021.10.06"]
[SourceQuality "1"]

1. e4 e5 2. Nc3 Nf6 3. f4 d5 4. fxe5 Nxe4 5. Nf3 Bg4 6. Be2 Nc6 7. 0-0 Bc5+ 8. d4 Bxf3 9. dxc5 Nxc3 10. bxc3 Bxe2 11. Qxe2 0-0 12. Rb1 Qc8 13. Rd1 Ne7 14. Bg5 Re8 15. Bxe7 Rxe7 16. Rxd5 c6 17. Rd6 Qf5 18. Rbd1 Rae8 19. Qd3 Qxe5 20. Qd4 Qf5 21. Rd8 Qxc2 22. Qd7 Qe2 23. Rxe8+ Rxe8 24. Rf1 Qe7 25. Rd1 Qe3+ 26. Kf1 g6 27. a4 Re4 28. g3 Qxc3 29. Qd3 Qxd3+ 30. Rxd3 Rb4 31. Rd7 a5 32. Ke2 Kg7 33. Kd3 h5 34. h3 Kf6 35. Kc3 Ke6 36. Rc7 f6 37. Rg7 Kf5 38. g4+ Kg5 39. h4+ Kh6 40. Rf7 hxg4 41. Rxf6 Rxa4 42. Rf2 Kh5 43. Rf7 g3 44. Rxb7 g2 45. Rh7+ Kg4 46. Rg7 Kxh4 47. Rxg6 Rg4 0-1

[Event "COL-ch Cat B/C U2200"]
[Site "Medellin"]
[Date "2021.06.12"]
[Round "4"]
[White "Rojas Castillo, Leibnitz Edison"]
[Black "Peraza, Leonardo"]
[Result "1-0"]
[WhiteElo "1815"]
[BlackElo "1822"]
[PlyCount "61"]
[EventDate "2021.06.10"]
[EventType "swiss"]
[EventRounds "7"]
[EventCountry "COL"]
[SourceTitle "EXT 2022"]
[Source "ChessBase"]
[SourceDate "2021.10.06"]
[SourceVersion "1"]
[SourceVersionDate "2021.10.06"]
[SourceQuality "1"]

1. e4 c5 2. Nf3 d6 3. d4 cxd4 4. Nxd4 Nf6 5. Nc3 a6 6. f3 e6 7. Be3 Nbd7 8. g4 h6 9. Qd2 b5 10. a3 Qc7 11. 0-0-0 Bb7 12. h4 d5 13. Bf4 e5 14. Bg3 dxe4 15. Bh3 g5 16. Nf5 0-0-0 17. fxe4 Nb6 18. Qxd8+ Qxd8 19. Rxd8+ Kxd8 20. Bxe5 Be7 21. Rd1+ Nbd7 22. Bd6 Bxd6 23. Nxd6 Kc7 24. Nxf7 Rh7 25. Nd6 Re7 26. Nf5 Rh7 27. Rd6 Bxe4 28. Nxe4 Nxe4 29. Rxh6 Rxh6 30. Nxh6 Ndf6 31. h5 1-0

[Event "Puerto Rico Inv"]
[Site "Caguas"]
[Date "2021.05.02"]
[Round "4"]
[White "Fonseca Pinto, Carlos Arturo"]
[Black "Rojas Castillo, Leibnitz Edison"]
[Result "0-1"]
[WhiteElo "2117"]
[BlackElo "1756"]
[PlyCount "144"]
[EventDate "2021.04.30"]
[EventType "swiss"]
[EventRounds "5"]
[EventCountry "PUR"]
[SourceTitle "EXT 2023"]
[Source "ChessBase"]
[SourceDate "2022.10.05"]
[SourceVersion "1"]
[SourceVersionDate "2022.10.05"]
[SourceQuality "1"]

1. g3 e5 2. Bg2 d5 3. c4 Nf6 4. cxd5 Nxd5 5. Nc3 Nb6 6. d3 Nc6 7. f4 Bb4 8. a3 Bd6 9. Ne4 Be7 10. Nf3 exf4 11. Bxf4 Bf5 12. Ne5 Nd4 13. Rc1 Ne6 14. Bd2 0-0 15. Nc4 Nd5 16. Nf2 Bg6 17. Na5 Rb8 18. e4 Nb6 19. Be3 Bg5 20. Bxg5 Qxg5 21. Qd2 Qb5 22. b4 Rfd8 23. 0-0 c6 24. Nb3 a5 25. Nxa5 Nd4 26. Rc5 Qa4 27. Qb2 Nb5 28. Ra1 Nd7 29. Rcc1 c5 30. Nc4 Nd4 31. bxc5 Nxc5 32. Ne5 Qa7 33. Rc4 Na4 34. Qb4 b5 35. Nc6 Nxc6 36. Rc5 Qb7 37. Rxc6 Qa7 38. Rc2 Qb7 39. Rcc1 Qa7 40. Rc6 Rxd3 41. Qxb5 Rd2 42. Rf1 f6 43. Qc4+ Bf7 44. Rc8+ Rd8 45. Qc7 Qxc7 46. Rxc7 Rb2 47. e5 Bg6 48. exf6 gxf6 49. Ng4 Rdd2 50. Nxf6+ Kh8 51. Bc6 Nc5 52. Ng4 Ne6 53. Re7 Re2 54. Bd5 Nf4 55. Rd7 Nh3+ 56. Kh1 Rb8 57. Bg2 Ng5 58. Nf6 Rbb2 59. Rd8+ Kg7 60. Rg8+ Kf7 61. Bd5+ Ke7 62. Ng4 Ne4 63. Rg7+ Kd6 64. Ba8 Rbd2 65. Rc1 Nc5 66. Bf3 Re8 67. Nf6 Re3 68. Bg2 Ree2 69. Rg1 Ne4 70. Nxe4+ Bxe4 71. Rc1 Rxg2 72. Rc4 Rd1# 0-1

[Event "Puerto Rico Inv"]
[Site "Caguas"]
[Date "2021.05.01"]
[Round "2"]
[White "Rojas Castillo, Leibnitz Edison"]
[Black "Bernal Parra, Liz Gabriela"]
[Result "1-0"]
[WhiteElo "1756"]
[BlackElo "1418"]
[PlyCount "53"]
[EventDate "2021.04.30"]
[EventType "swiss"]
[EventRounds "5"]
[EventCountry "PUR"]
[SourceTitle "EXT 2023"]
[Source "ChessBase"]
[SourceDate "2022.10.05"]
[SourceVersion "1"]
[SourceVersionDate "2022.10.05"]
[SourceQuality "1"]

1. e4 c5 2. Nf3 Nc6 3. d4 cxd4 4. Nxd4 Nf6 5. Nc3 g6 6. Be3 Bg7 7. f3 0-0 8. Qd2 d6 9. 0-0-0 Bd7 10. g4 a6 11. h4 h5 12. Nd5 Ne5 13. Nxf6+ Bxf6 14. gxh5 gxh5 15. Bh6 Re8 16. Bg5 Bh8 17. Bh3 Kh7 18. Rdg1 Rg8 19. Qf4 Qe8 20. Bf5+ Bxf5 21. Qxf5+ Kg7 22. Bf6+ Kh6 23. Bg5+ Kg7 24. Bxe7+ Kh6 25. Bg5+ Kg7 26. Qf6+ Kh7 27. Qh6# 1-0

[Event "COL-ch U20"]
[Site "Duitama"]
[Date "2021.03.22"]
[Round "7"]
[White "Rojas Castillo, Leibnitz Edison"]
[Black "Campos Perilla, Felix Santiago"]
[Result "1-0"]
[WhiteElo "1815"]
[BlackElo "1521"]
[PlyCount "59"]
[EventDate "2021.03.18"]
[EventType "swiss"]
[EventRounds "7"]
[EventCountry "COL"]
[SourceTitle "EXT 2022"]
[Source "ChessBase"]
[SourceDate "2021.10.06"]
[SourceVersion "1"]
[SourceVersionDate "2021.10.06"]
[SourceQuality "1"]

1. e4 e5 2. Nf3 Nc6 3. Nc3 Nf6 4. a3 d5 5. exd5 Nxd5 6. Nxe5 Nxc3 7. Nxc6 Nxd1 8. Nxd8 Nxf2 9. Kxf2 Bc5+ 10. Kf3 Kxd8 11. c3 Re8 12. d4 Bd6 13. Bd3 h5 14. h3 Be6 15. c4 c6 16. Bd2 Kc7 17. Rae1 h4 18. Re4 Bg3 19. Bf4+ Bxf4 20. Kxf4 f6 21. Rhe1 g5+ 22. Kf3 Kd7 23. Rxe6 Rxe6 24. Bf5 Rf8 25. d5 cxd5 26. cxd5 b6 27. dxe6+ Ke7 28. Rd1 Ra8 29. Rd7+ Ke8 30. Bg6+ 1-0

[Event "COL-ch U20"]
[Site "Duitama"]
[Date "2021.03.21"]
[Round "6"]
[White "Cabiativa, Juan Esteban"]
[Black "Rojas Castillo, Leibnitz Edison"]
[Result "1/2-1/2"]
[WhiteElo "1765"]
[BlackElo "1815"]
[PlyCount "54"]
[EventDate "2021.03.18"]
[EventType "swiss"]
[EventRounds "7"]
[EventCountry "COL"]
[SourceTitle "EXT 2022"]
[Source "ChessBase"]
[SourceDate "2021.10.06"]
[SourceVersion "1"]
[SourceVersionDate "2021.10.06"]
[SourceQuality "1"]

1. c4 c5 2. Nf3 Nf6 3. d4 cxd4 4. Nxd4 Nc6 5. Nc3 d6 6. e4 g6 7. f3 Bg7 8. Be3 Bd7 9. Be2 Rc8 10. 0-0 Ne5 11. b3 h5 12. Qd2 0-0 13. Rac1 Kh7 14. Rc2 Qa5 15. Rfc1 a6 16. Bf1 Rfd8 17. Nd5 Qxd2 18. Bxd2 Nxd5 19. cxd5 Rxc2 20. Rxc2 Rc8 21. Rxc8 Bxc8 22. Be3 Bh6 23. Bxh6 Kxh6 24. Kf2 Bd7 25. a4 f5 26. exf5 gxf5 27. Ke3 Kg6 1/2-1/2

[Event "COL-ch U20"]
[Site "Duitama"]
[Date "2021.03.18"]
[Round "1"]
[White "Rojas Castillo, Leibnitz Edison"]
[Black "Ortiz Lopera, Miguel Angel"]
[Result "1-0"]
[WhiteElo "1815"]
[BlackElo "1421"]
[PlyCount "71"]
[EventDate "2021.03.18"]
[EventType "swiss"]
[EventRounds "7"]
[EventCountry "COL"]
[SourceTitle "EXT 2022"]
[Source "ChessBase"]
[SourceDate "2021.10.06"]
[SourceVersion "1"]
[SourceVersionDate "2021.10.06"]
[SourceQuality "1"]

1. e4 e5 2. Nf3 Nc6 3. Nc3 Nf6 4. a3 Bc5 5. Nxe5 Nxe5 6. d4 Bxd4 7. Qxd4 d6 8. Bg5 Be6 9. Bb5+ c6 10. Be2 h6 11. Bh4 Qb6 12. Qxb6 axb6 13. 0-0-0 g5 14. Bg3 Ke7 15. Rhf1 Nfd7 16. f3 Bc4 17. Bf2 Bxe2 18. Nxe2 c5 19. Nc3 Ra5 20. Nd5+ Ke6 21. Be1 Ra7 22. Nc7+ Kf6 23. Nb5 Raa8 24. Nxd6 Kg6 25. Nf5 f6 26. Rd5 b5 27. Kb1 b4 28. axb4 cxb4 29. Bxb4 Nb6 30. Rb5 Ra6 31. b3 Rha8 32. Bc3 Kh7 33. Rd1 Nec4 34. bxc4 Nxc4 35. Rxb7+ Kg8 36. Rdd7 1-0

[Event "COL-ch Amateur U2000"]
[Site "Paipa"]
[Date "2020.03.01"]
[Round "9"]
[White "Castillo Barajas, Jonhatan"]
[Black "Rojas Castillo, Leibnitz Edison"]
[Result "1-0"]
[WhiteElo "1807"]
[BlackElo "1707"]
[PlyCount "79"]
[EventDate "2020.02.26"]
[EventType "swiss"]
[EventRounds "9"]
[EventCountry "COL"]
[SourceTitle "CBM 195 Extra"]
[Source "ChessBase"]
[SourceDate "2020.05.31"]
[SourceVersion "1"]
[SourceVersionDate "2020.05.31"]
[SourceQuality "1"]

1. e4 d5 2. exd5 Nf6 3. d4 Bg4 4. Be2 Bxe2 5. Nxe2 Qxd5 6. 0-0 Nc6 7. Nbc3 Qf5 8. Ng3 Qg6 9. d5 0-0-0 10. Qf3 Nd4 11. Qe3 e5 12. Qxe5 Nxc2 13. Nb5 Bd6 14. Nxd6+ Rxd6 15. Nf5 Rd7 16. d6 Kb8 17. dxc7+ Ka8 18. Qc5 Rxc7 19. Qxc7 Qxf5 20. Rd1 a6 21. Rd8+ Rxd8 22. Qxd8+ Ka7 23. Be3+ Nxe3 24. Qd4+ Kb8 25. fxe3 Qc2 26. Rd1 Ne4 27. Qd3 Qf2+ 28. Kh1 Qf5 29. Qd7 Qh5 30. Kg1 Qe2 31. Qd8+ Ka7 32. Qd4+ Kb8 33. Rf1 Nd2 34. Rc1 f5 35. Qf4+ Ka7 36. Qf2 Qd3 37. Rd1 Nf3+ 38. Qxf3 Qc2 39. Qd5 Qe2 40. Qc5+ 1-0

[Event "Pan American-ch School U15"]
[Site "Medellin"]
[Date "2019.11.16"]
[Round "8"]
[White "Rojas Castillo, Leibnitz Edison"]
[Black "Molina Hun, Hieysson"]
[Result "1-0"]
[WhiteElo "1739"]
[BlackElo "1476"]
[PlyCount "73"]
[EventDate "2019.11.12"]
[EventType "swiss"]
[EventRounds "9"]
[EventCountry "COL"]
[SourceTitle "CBM 193 Extra"]
[Source "ChessBase"]
[SourceDate "2020.01.31"]
[SourceVersion "1"]
[SourceVersionDate "2020.01.31"]
[SourceQuality "1"]

1. e4 e6 2. Nf3 d5 3. Nc3 Nf6 4. e5 Nfd7 5. d4 c5 6. dxc5 Bxc5 7. Bd3 Nc6 8. Bf4 a6 9. 0-0 Qc7 10. Qe2 Nd4 11. Nxd4 Bxd4 12. Rae1 Bxc3 13. bxc3 Qxc3 14. Qg4 g6 15. Rb1 Nc5 16. Be2 Bd7 17. Qh4 Ne4 18. Bd3 Qc5 19. Bxe4 dxe4 20. Qf6 Rg8 21. Rxb7 g5 22. Bxg5 Rxg5 23. Qxg5 Rc8 24. Rd1 Bc6 25. Rc7 Rb8 26. Qg8+ Qf8 27. Qxf8+ Kxf8 28. Rxc6 Rb2 29. Rxa6 Rxc2 30. h4 Rc5 31. Ra1 Rxe5 32. a4 Rh5 33. Rb6 Rxh4 34. a5 Kg7 35. a6 Kg6 36. a7 Kf5 37. a8Q 1-0

[Event "COL pre olympic sf3"]
[Site "Cartagena"]
[Date "2019.08.17"]
[Round "6"]
[White "Brito Carrascal, Isabela"]
[Black "Rojas Castillo, Leibnitz Edison"]
[Result "1-0"]
[WhiteElo "1497"]
[BlackElo "1689"]
[PlyCount "55"]
[EventDate "2019.08.14"]
[EventType "swiss"]
[EventRounds "10"]
[EventCountry "COL"]
[SourceTitle "EXT 2020"]
[Source "ChessBase"]
[SourceDate "2019.10.17"]
[SourceVersion "1"]
[SourceVersionDate "2019.10.17"]
[SourceQuality "1"]

1. e4 d5 2. exd5 Nf6 3. d4 Bg4 4. Be2 Bxe2 5. Nxe2 Qxd5 6. Nbc3 Qxg2 7. Rg1 Qc6 8. d5 Qd7 9. Bf4 Na6 10. Qd4 e6 11. dxe6 fxe6 12. 0-0-0 Qxd4 13. Nxd4 Kf7 14. Rge1 Re8 15. Be5 Bb4 16. Bxf6 gxf6 17. Ndb5 Rd8 18. Nd4 Rhe8 19. a3 Bc5 20. Re4 e5 21. Nf5 Bxf2 22. Rf1 Bc5 23. Rf3 Bf8 24. Rh4 Kg8 25. Ne4 Re6 26. Rg3+ Kh8 27. Rg6 h6 28. Nxf6 1-0

[Event "COL pre olympic sf3"]
[Site "Cartagena"]
[Date "2019.08.15"]
[Round "2"]
[White "Rico Velasco, Juliana Sofia"]
[Black "Rojas Castillo, Leibnitz Edison"]
[Result "0-1"]
[WhiteElo "1081"]
[BlackElo "1689"]
[PlyCount "31"]
[EventDate "2019.08.14"]
[EventType "swiss"]
[EventRounds "10"]
[EventCountry "COL"]
[SourceTitle "EXT 2020"]
[Source "ChessBase"]
[SourceDate "2019.10.17"]
[SourceVersion "1"]
[SourceVersionDate "2019.10.17"]
[SourceQuality "1"]

1. e4 d5 2. exd5 Nf6 3. Nf3 Bg4 4. Be2 Qxd5 5. Nc3 Qh5 6. h3 Nc6 7. d3 0-0-0 8. Ng5 Bxe2 9. Qxe2 Qg6 10. h4 Nd4 11. Qd1 h6 12. Nge4 Qxg2 13. Rf1 Ng4 14. f3 Nxc2+ 15. Qxc2 Qxc2 16. fxg4 0-1